000 00399nam a22001697a 4500
005 20160916113456.0
008 160916b xxu||||| |||| 00| 0 eng d
020 _a81-85240-33-7
041 _aeng
100 _aSINGH,BHARAT
_93578
245 _aFUNDAMENTALS OF IRRIGATION ENGINEERING
250 _a8th
260 _bNEMCHAND
_c1988
300 _a600
650 _aENGINEERING
_93579
942 _cBK
999 _c5256
_d5254